Sistem kerajaan tempatan di Malaysia

Bibliographic Details
Main Author: PHANG
Format: Book
Published: Kuala Lumpur : DBP , 1997 (1989)
Subjects:

MARC

LEADER 00000cam a2200000 7i4500
001 0000001109
005 20140104.0
020 0 0 |a 9836210784 
090 0 0 |a 352.0595   |b PHA 1997 
100 1 0 |a PHANG   |h Siew Nooi 
245 1 0 |a Sistem kerajaan tempatan di Malaysia   |c Phang Siew Nooi 
260 0 0 |a Kuala Lumpur :   |b DBP ,   |c 1997 (1989) 
300 |a vii, 104 p. ;   |c 22 cm. 
500 0 0 |a Bibliography : [p. 101] and index 
650 0 0 |a Local government   |z Malaysia 
998 |a JPSM 
999 |a 0000002037   |b Monograph   |c Open Shelf   |e Default branch